Microeconomics / (Record no. 1721)

MARC details
000 -LEADER
fixed length control field 01085cam a22001814a 4500
020 ## - INTERNATIONAL STANDARD BOOK NUMBER
ISBN 0072854863 (alk. paper)
022 ## - INTERNATIONAL STANDARD SERIAL NUMBER
ISSN 9780072854862
050 00 - CALL NUMBER
Classification number HB172
Item number .S57
100 1# - AUTHOR
Personal name Slavin, Stephen L.
245 10 - TITLE
Title Microeconomics /
Statement of responsibility, etc Stephen L. Slavin.
250 ## - EDITION
Edition statement 7th ed.
260 ## - PUBLICATION INFORMATION
Place of publication Boston :
Name of publisher McGraw-Hill/Irwin,
Year of publication c2005.
300 ## - DESCRIPTION
Number of Pages xxi, 483 p. :
Other physical details ill. ;
Dimensions 28 cm.
500 ## - NOTES
General note Various multi-media instructional aids are available to supplement the text.
505 ## - FORMATTED CONTENTS NOTE
Table of Content A Brief Economic History of the United States --<br/>Resource Utilization --<br/>Supply and Demand --<br/>The Mixed Economy --<br/>Demand, Supply, and Equilibrium 6 Elasticities of Supply and Demand --<br/>Theory of Consumer Behavior --<br/>Cost --<br/>Profit, Loss, and Perfect Competition --<br/>Monopoly --<br/>Monopolistic Competition --<br/>Oligopoly --<br/>Corporate Mergers and Antitrust --<br/>Demand in the Factor Market --<br/>Labor Unions --<br/>Labor Markets and Wage Rates --<br/>Rent, Interest, and Profit --<br/>Income Distribution and Poverty --<br/>International Trade --<br/>International Finance.
650 #0 - SUBJECTS
Topical Term Microeconomics.
942 ## - ADDED ENTRY ELEMENTS (KOHA)
Koha item type Books
Holdings
Withdrawn status Lost status Collection code Home library Current library Shelving location Date acquired Full call number Accession Number Copy number Koha item type
    Reference Methodist University Library Main Methodist University Library Main General Stacks   HB172 .S57 18288 1 Books
    Reference Methodist University Library Main Methodist University Library Main General Stacks   HB172 .S57 18289 2 Books
      Methodist University Library Main Methodist University Library Main General Stacks 15/02/2007 HB172 .S57 18291 3 Books
Copyright © 2026  MUG Library